000 00507nam a2200193 a 4500
001 1767860135829
003 YourLibrary
005 20260108150646.0
008 260108s2006##################000#0#eng##
020 _a9780205457939
082 0 4 _a301.072
_bNEU
100 1 _aNeuman, William Lawrence,
_eauthor.
245 1 0 _aSocial Research Methods :
260 _bAllyn & Bacon,
_c2006.
300 _a608 pages
650 0 _aSocial Science.
942 _cENGLISH
040 _aYourLibrary
_beng
_cYourLibrary
999 _c607866
_d607866